000 00609nam a2200193Ia 4500
005 20250923145112.0
008 008 250917s9999 xx 000 0 eng d
037 _aTextual
040 _aDSWL
_beng
_cDSWL
041 _aeng
_2eng
084 _aT9(Y31):g:2, N65
_qDSWL
245 0 _aProblems of Extension of primary education in rural areas
_cby Planning Commission , India
260 _aNew Delhi
_b PE.O Planning Commission , Govt of India
_c1965
300 _aiv,385 p.
365 _aINR
_b2.95
925 _g2.95
942 _cTEXL
_hT9(Y31):g:2, N65
999 _c1447125
_d1447125